[Event "8ème Open International de St-Chély d'A"]
[Site "Saint-Chély d'Aubrac (Aveyron"]
[Date "2008.07.19"]
[Round "9.22"]
[White "Darnis, Lucas"]
[Black "Paris, Yannick"]
[Result "0-1"]
[WhiteElo "1310"]
[BlackElo "1793"]
[PlyCount "124"]

1. e4 d5 2. Nc3 d4 3. Nce2 e5 4. d3 Bg4 5. h3 Qh4 6. g3 Qh5 7. Bg2 Bxe2 8. Qxe2
Bb4+ 9. Bd2 Qxe2+ 10. Nxe2 Nc6 11. Bxb4 Nxb4 12. c3 Nc2+ 13. Kd2 Nxa1 14. Rxa1
c5 15. cxd4 cxd4 16. Rc1 Kd8 17. f4 f6 18. Rc5 Rc8 19. Rd5+ Ke8 20. fxe5 Ne7
21. Rxd4 fxe5 22. Rb4 Rc7 23. Rb5 Nc6 24. h4 Ke7 25. Bh3 Rd8 26. Bf1 a6 27. Rb3
Nd4 28. Nxd4 Rxd4 29. Rb6 Rd6 30. Rb3 Rdc6 31. Ke3 Rc1 32. Be2 Kd6 33. d4 exd4+
34. Kxd4 b5 35. Rb4 R7c2 36. e5+ Ke7 37. Bd3 Rd2 38. Rb3 Rcc2 39. Ke3 Rxb2 40.
Rxb2 Rxb2 41. a3 Rb3 42. a4 bxa4 43. Kd4 Rxd3+ 44. Kxd3 Ke6 45. Kc4 Kxe5 46.
Kb4 Kf5 47. Kxa4 Kg4 48. Ka5 Kxg3 49. Kxa6 Kxh4 50. Kb7 g5 51. Kc6 g4 52. Kd5
g3 53. Ke4 g2 54. Kf3 g1=Q 55. Kf4 Qd4+ 56. Kf5 Kh5 57. Ke6 Kg6 58. Ke7 Qf6+
59. Ke8 Qf7+ 60. Kd8 Qb7 61. Ke8 Qc7 62. Kf8 Qd8# 0-1

[Event "8ème Open International de St-Chély d'A"]
[Site "Saint-Chély d'Aubrac (Aveyron"]
[Date "2008.07.19"]
[Round "9.23"]
[White "Veys, Vincent"]
[Black "Caparros, Nina"]
[Result "1/2-1/2"]
[WhiteElo "1530"]
[BlackElo "1199"]
[PlyCount "100"]

1. e4 c5 2. Nf3 Nc6 3. Bb5 g6 4. O-O Bg7 5. d3 Nf6 6. Nc3 O-O 7. Be3 d6 8. Qd2
Ng4 9. Bf4 Qa5 10. h3 Bxc3 11. Qxc3 Qxc3 12. bxc3 Nge5 13. Nxe5 Nxe5 14. Bg5
Nc6 15. Bxc6 bxc6 16. Bxe7 Re8 17. Bxd6 c4 18. Rfd1 Ba6 19. e5 Rad8 20. d4 Bb7
21. Rab1 Rd7 22. Rb4 f6 23. Rdb1 fxe5 24. Bxe5 Ba8 25. Rb8 Rde7 26. R8b4 Rf7
27. Rxc4 Ref8 28. Bg3 h5 29. h4 Kg7 30. Rcb4 Kh6 31. Rb8 g5 32. Rxf8 Rxf8 33.
Re1 gxh4 34. Bxh4 Rg8 35. Bg3 c5 36. Bf4+ Kh7 37. g3 h4 38. Re5 Rf8 39. Rh5+
Kg6 40. Rxh4 Re8 41. Be5 Re7 42. Rg4+ Kh5 43. Rg7 Re6 44. Rxa7 Be4 45. Ra3 c4
46. Ra4 Kg4 47. Rxc4 Rh6 48. Kf1 Rh1+ 49. Ke2 Bf3+ 50. Kd2 Rd1+ 1/2-1/2

[Event "8ème Open International de St-Chély d'A"]
[Site "Saint-Chély d'Aubrac (Aveyron"]
[Date "2008.07.19"]
[Round "9.24"]
[White "Meyer, Bernard"]
[Black "Schneider, Alec"]
[Result "0-1"]
[WhiteElo "1370"]
[BlackElo "1199"]
[PlyCount "52"]

1. e4 c5 2. Nf3 Nc6 3. d4 cxd4 4. Nxd4 d6 5. Bb5 Bd7 6. Nc3 Nf6 7. O-O g6 8.
Bg5 Bg7 9. Nf3 O-O 10. Re1 Rc8 11. Qd2 a6 12. Bd3 Qc7 13. Bh6 Rfe8 14. Bxg7
Kxg7 15. Rad1 Bg4 16. Qe3 Ne5 17. Be2 Nxf3+ 18. Bxf3 Bxf3 19. Qxf3 Qb6 20. Na4
Qb5 21. b3 Rxc2 22. Ra1 Qc6 23. h3 b5 24. e5 Qxf3 25. exf6+ Qxf6 26. Rf1 bxa4
0-1

[Event "8ème Open International de St-Chély d'A"]
[Site "Saint-Chély d'Aubrac (Aveyron"]
[Date "2008.07.19"]
[Round "9.25"]
[White "Saucey, Milena"]
[Black "Rateau, Cyprien"]
[Result "1-0"]
[WhiteElo "1580"]
[BlackElo "1340"]
[PlyCount "69"]

1. e4 e5 2. Nf3 Nc6 3. Bc4 Bc5 4. c3 Nf6 5. d3 d6 6. h3 h6 7. Nbd2 O-O 8. Nf1
Be6 9. Bb3 d5 10. Ng3 a6 11. O-O d4 12. Re1 Na5 13. Nxe5 Nxb3 14. axb3 Bd6 15.
cxd4 Bxe5 16. dxe5 Nd7 17. d4 f6 18. exf6 Qxf6 19. Be3 b6 20. d5 Bf7 21. Qd4
Qe7 22. Nf5 Qe5 23. Qxe5 Nxe5 24. Bd4 Rfe8 25. f4 Nd3 26. Re3 Nxf4 27. Bxg7 Bg6
28. Bxh6 Bxf5 29. Bxf4 Bxe4 30. Rae1 Red8 31. Rxe4 Rxd5 32. Bxc7 Rb5 33. R1e3
Rc8 34. Re8+ Rxe8 35. Rxe8+ 1-0

[Event "8ème Open International de St-Chély d'A"]
[Site "Saint-Chély d'Aubrac (Aveyron"]
[Date "2008.07.19"]
[Round "9.26"]
[White "Nusse, Melchior"]
[Black "Muheim, Jane"]
[Result "0-1"]
[WhiteElo "1250"]
[BlackElo "1190"]
[PlyCount "54"]

1. e4 e5 2. Bc4 Nh6 3. Nf3 d6 4. O-O Be6 5. Bxe6 fxe6 6. d3 Nd7 7. Bxh6 gxh6 8.
Nbd2 Qe7 9. c3 O-O-O 10. d4 Bg7 11. dxe5 h5 12. exd6 Qxd6 13. Nc4 Qf4 14. Re1
h4 15. h3 Rhg8 16. Qd2 Qf7 17. Nxh4 Nc5 18. Qc2 Nd3 19. Red1 Bf6 20. Rxd3 Bxh4
21. Rxd8+ Rxd8 22. Rf1 Rg8 23. Ne5 Qg7 24. Ng4 h5 25. g3 hxg4 26. gxh4 gxh3+
27. Kh2 Qg2# 0-1

[Event "8ème Open International de St-Chély d'A"]
[Site "Saint-Chély d'Aubrac (Aveyron"]
[Date "2008.07.19"]
[Round "9.27"]
[White "Causse, Michel"]
[Black "Colombo, Maceo"]
[Result "1/2-1/2"]
[WhiteElo "1380"]
[BlackElo "1099"]
[PlyCount "46"]

1. d4 d5 2. c4 e6 3. Nc3 Nf6 4. Bg5 h6 5. Bh4 dxc4 6. e3 Bb4 7. a3 Ba5 8. Bxc4
b6 9. b4 Bb7 10. bxa5 Bxg2 11. Qa4+ Qd7 12. Qxd7+ Nbxd7 13. axb6 Nxb6 14. Bd3
Bxh1 15. f3 Nbd5 16. Nxd5 exd5 17. Rc1 O-O 18. Kf2 Nh5 19. Nh3 Bxf3 20. Kxf3
Nf6 21. Bxf6 gxf6 22. Rg1+ Kh8 23. Nf4 c6 1/2-1/2